Writers at work : (Record no. 12325)
[ view plain ]
| 000 -LEADER | |
|---|---|
| fixed length control field | 01762cam a22003495a 4500 |
| 001 - CONTROL NUMBER | |
| control field | 13873534 |
| 003 - CONTROL NUMBER IDENTIFIER | |
| control field | EG-ScBUE |
| 005 - DATE AND TIME OF LATEST TRANSACTION | |
| control field | 20200111120025.0 |
| 008 - FIXED-LENGTH DATA ELEMENTS--GENERAL INFORMATION | |
| fixed length control field | 050215r20082005nyua f 000 0 eng d |
| 020 ## - INTERNATIONAL STANDARD BOOK NUMBER | |
| International Standard Book Number | 9780521544962 |
| 040 ## - CATALOGING SOURCE | |
| Original cataloging agency | EG-ScBUE |
| Language of cataloging | eng |
| Description conventions | rda |
| Transcribing agency | EG-ScBUE |
| Modifying agency | EG-ScBUE |
| 082 04 - DEWEY DECIMAL CLASSIFICATION NUMBER | |
| Classification number | 808.0428 |
| Item number | STR |
| Edition number | 22 |
| 100 1# - MAIN ENTRY--PERSONAL NAME | |
| Personal name | Strauch, Ann O, |
| Relator term | author. |
| 9 (RLIN) | 7960 |
| 245 10 - TITLE STATEMENT | |
| Title | Writers at work : |
| Remainder of title | the short composition / |
| Statement of responsibility, etc | Ann O. Strauch. |
| 250 ## - EDITION STATEMENT | |
| Edition statement | Sixth printing. |
| 264 #1 - PUBLICATION, DISTRIBUTION, ETC. (IMPRINT) | |
| Place of publication, distribution, etc | Cambridge ; |
| -- | New York : |
| Name of publisher, distributor, etc | Cambridge University Press, |
| Date of publication, distribution, etc | 2008. |
| 300 ## - PHYSICAL DESCRIPTION | |
| Extent | xv, 176 pages : |
| Other physical details | illustrations ; |
| Dimensions | 28 cm |
| 336 ## - CONTENT TYPE | |
| Source | rdacontent |
| Content type term | text |
| Content type code | txt |
| 337 ## - MEDIA TYPE | |
| Source | rdamedia |
| Media type term | unmediated |
| Media type code | n |
| 338 ## - CARRIER TYPE | |
| Source | rdacarrier |
| Carrier type term | volume |
| Carrier type code | nc |
| 520 ## - SUMMARY, ETC. | |
| Summary, etc | The third book in a four-book series that provides students with a solid fundation in writing skills. The book adopts a process approach in which students draw from their personal experience to compose coherent and accurate multi-paragraph compositions. Students also learn how to write about works of fiction and nonfiction by summarizing and citing sources |
| 590 ## - LOCAL NOTE (RLIN) | |
| Local note | Mohamed. |
| 650 #7 - SUBJECT ADDED ENTRY--TOPICAL TERM | |
| Topical term or geographic name as entry element | English language |
| Form subdivision | Textbooks for foreign speakers. |
| Source of heading or term | BUEsh |
| 9 (RLIN) | 7961 |
| 650 #7 - SUBJECT ADDED ENTRY--TOPICAL TERM | |
| Topical term or geographic name as entry element | English language |
| General subdivision | Composition and exercises. |
| Source of heading or term | BUEsh |
| 9 (RLIN) | 7962 |
| 650 #7 - SUBJECT ADDED ENTRY--TOPICAL TERM | |
| Topical term or geographic name as entry element | Report writing |
| Form subdivision | Problems, exercises, etc. |
| Source of heading or term | BUEsh |
| 9 (RLIN) | 7963 |
| 653 ## - INDEX TERM--UNCONTROLLED | |
| Resource For college | Humanities: English |
| Arrived date list | July2019 |
| 655 ## - INDEX TERM--GENRE/FORM | |
| Form subdivision | Reading book |
| 856 42 - ELECTRONIC LOCATION AND ACCESS | |
| Materials specified | Publisher description |
| Uniform Resource Identifier | <a href="http://www.loc.gov/catdir/enhancements/fy0632/2005042183-d.html">http://www.loc.gov/catdir/enhancements/fy0632/2005042183-d.html</a> |
| 856 41 - ELECTRONIC LOCATION AND ACCESS | |
| Materials specified | Table of contents only |
| Uniform Resource Identifier | <a href="http://www.loc.gov/catdir/enhancements/fy0701/2005042183-t.html">http://www.loc.gov/catdir/enhancements/fy0701/2005042183-t.html</a> |
| 942 ## - ADDED ENTRY ELEMENTS (KOHA) | |
| Source of classification or shelving scheme | Dewey Decimal Classification |
| Call number prefix | 808.0428 STR |
| Koha item type | Book - Borrowing |
| Withdrawn status | Lost status | Source of classification or shelving scheme | Damaged status | Not for loan | Collection code | Home library | Current library | Shelving location | Date acquired | Source of acquisition | Cost, normal purchase price | Serial Enumeration / chronology | Total Checkouts | Total Renewals | Full call number | Barcode | Date last seen | Date checked out | Price effective from | Koha item type |
|---|---|---|---|---|---|---|---|---|---|---|---|---|---|---|---|---|---|---|---|---|
| Dewey Decimal Classification | Baccah | Central Library | Central Library | Second Floor | 12/07/2009 | 139.00 | 8050 | 2 | 1 | 808.0428 STR | 000016740 | 15/07/2025 | 18/03/2013 | 12/07/2009 | Book - Borrowing |